Cross and Jones criminal law / (Record no. 6)

MARC details
000 -LEADER
fixed length control field 01728cam a2200349 a 4500
001 - CONTROL NUMBER
control field 15228329
003 - CONTROL NUMBER IDENTIFIER
control field OSt
005 - DATE AND TIME OF LATEST TRANSACTION
control field 20130407020002.0
008 - FIXED-LENGTH DATA ELEMENTS--GENERAL INFORMATION
fixed length control field 080321s2008 nyua 001 0 eng
010 ## - LIBRARY OF CONGRESS CONTROL NUMBER
LC control number 2008012416
020 ## - INTERNATIONAL STANDARD BOOK NUMBER
International Standard Book Number 9780199231638
040 ## - CATALOGING SOURCE
Original cataloging agency DLC
Transcribing agency DLC
Modifying agency DLC
050 00 - LIBRARY OF CONGRESS CALL NUMBER
Classification number KD7869
Item number .C76 2008
082 00 - DEWEY DECIMAL CLASSIFICATION NUMBER
Classification number 345.42
Edition number 22
100 1# - MAIN ENTRY--PERSONAL NAME
Personal name Card, Richard.
9 (RLIN) 12
245 10 - TITLE STATEMENT
Title Cross and Jones criminal law /
Statement of responsibility, etc Richard Card. _
246 30 - VARYING FORM OF TITLE
Title proper/short title Criminal law
246 14 - VARYING FORM OF TITLE
Title proper/short title Card, Cross & Jones Criminal law
250 ## - EDITION STATEMENT
Edition statement 18th ed. _
260 ## - PUBLICATION, DISTRIBUTION, ETC. (IMPRINT)
Place of publication, distribution, etc New York :
Name of publisher, distributor, etc Oxford University Press,
Date of publication, distribution, etc 2008.
300 ## - PHYSICAL DESCRIPTION
Extent lxx, 850 p. :
Other physical details ill. ;
Dimensions 25 cm.
500 ## - GENERAL NOTE
General note Includes index.
500 ## - GENERAL NOTE
General note 19th ed.- cataloged as a serial in LC.
Institution to which field applies DLC
505 0# - FORMATTED CONTENTS NOTE
Formatted contents note Criminal liability 1 : actus reus -- Criminal liability 2 : mens rea -- Proof -- Mistake and related matters -- Strict liability -- Non-fatal offences against the person -- Homicide and related offences -- Sexual offences -- Theft and related offences -- Other offences under the Theft Act 1968 -- Fraud and related offences -- Offences of damage to property -- Inchoate offences -- Mental condition defences -- Other general defences -- Participation -- Vicarious liability and corporate liability.
650 #0 - SUBJECT ADDED ENTRY--TOPICAL TERM
Topical term or geographic name as entry element Criminal law
Geographic subdivision England.
9 (RLIN) 13
700 1# - ADDED ENTRY--PERSONAL NAME
Personal name Cross, Rupert,
Titles and other words associated with a name Sir,
Dates associated with a name 1912-1980.
9 (RLIN) 14
700 1# - ADDED ENTRY--PERSONAL NAME
Personal name Jones, Philip Asterley.
9 (RLIN) 15
856 41 - ELECTRONIC LOCATION AND ACCESS
Materials specified Table of contents only
Uniform Resource Identifier <a href="http://www.loc.gov/catdir/toc/ecip0814/2008012416.html">http://www.loc.gov/catdir/toc/ecip0814/2008012416.html</a>
906 ## - LOCAL DATA ELEMENT F, LDF (RLIN)
a 7
b cbc
c orignew
d 1
e ecip
f 20
g y-gencatlg
942 ## - ADDED ENTRY ELEMENTS (KOHA)
Source of classification or shelving scheme Dewey Decimal Classification
Koha item type Books
Koha issues (borrowed), all copies 1
Holdings
Withdrawn status Lost status Source of classification or shelving scheme Damaged status Not for loan Home library Current library Shelving location Date acquired Total Checkouts Full call number Barcode Checked out Date last seen Date checked out Price effective from Koha item type
    Dewey Decimal Classification     Law Development Centre Main Library Law Development Centre Main Library Text Books and Laws 04/06/2011 2 345.42 CAR 2011/3062 04/06/2013 04/06/2013 04/06/2013 04/06/2011 Books